000 00881pam a2200301 i 4500
999 _c2147
_d2147
001 017000563
003 Uk
005 20230313105807.0
008 141105s2015 enk j 000|1|eng|d
015 _aGBB500535
_2bnb
016 7 _a017000563
_2Uk
020 _a9780141360072 (pbk.) :
040 _aStDuBDS
_beng
_cStDuBDS
_dUk
_dKH8
_erda
042 _aukblcatcopy
082 0 4 _a813.52 MON
_223
100 1 _aMontgomery, L. M.
_q(Lucy Maud),
_d1874-1942,
_eauthor.
245 1 0 _aAnne of Windy Willows /
_cL.M. Montgomery.
264 1 _aLondon :
_bPuffin,
_c2015.
300 _a396 pages ;
_c18 cm
336 _atext
_2rdacontent
337 _aunmediated
_2rdamedia
338 _avolume
_2rdacarrier
500 _aFormerly CIP.
_5Uk
521 _a9-11.
650 0 _aShirley, Anne (Fictitious character)
_vJuvenile fiction.
655 0 _aChildren's stories.
942 _2ddc
_cNFIC